00000000nam##2200000za#4500
0019.573851
003CaOODSP
00520210624183911
007cr |||||||||||
008150406|1995||||xxc|||||o    f|0| 0 eng|d
022 |a1488-5379
040 |aCaOODSP|beng
043 |an-cn---
0861 |aFs97-6/2063E-PDF
1101 |aCanada. |bDepartment of Fisheries and Oceans.
24510|aSwimming performance of lake sturgeon, Acipenser fulvescens / |h[electronic resource]|c[by] S. Peake ... [et al.].
260 |aSt. John's - Newfoundland and Labrador : |bFisheries and Oceans Canada |cSeptember 1995.
300 |a32p.|bgraphs, references, tables
4901 |aCanadian technical report of fisheries and aquatic sciences|x1488-5379|vNo. 2063
500 |aThe catalogue number (Fs97-6/2063E) and ISSN (0706-6457) for the print edition have been incorrectly copied in this electronic publication.
546 |a(Résumé en français)
590 |a12-23-Supp|b2012-05-28
7201 |aPeake, S.
7760#|tSwimming performance of lake sturgeon, Acipenser fulvescens / |w(CaOODSP)9.612612
830#0|aCanadian technical report of fisheries and aquatic sciences,|x1488-5379|vNo. 2063|w(CaOODSP)9.504449
85640|ahttp://publications.gc.ca|qPDF|s1.38 MB|uhttps://publications.gc.ca/collections/collection_2012/mpo-dfo/Fs97-6-2063-eng.pdf|yNo. 2063